| 000 | 00000nam##2200000za#4500 |
| 001 | 9.559590 |
| 003 | CaOODSP |
| 005 | 20210624172943 |
| 007 | cr ||||||||||| |
| 008 | 150406|2005||||xxc|||||o f|0| 0 eng|d |
| 020 | |a0-662-41194-3 |
| 022 | |a1925-0886 |
| 040 | |aCaOODSP|beng |
| 043 | |an-cn--- |
| 086 | 1 |aH113-9/2005-2E-PDF |
| 110 | 1 |aCanada. |bPest Management Regulatory Agency. |
| 245 | 10|aImiprothrin |h[electronic resource] |
| 260 | |bHealth Canada. |c2005. |
| 300 | |a29p|btables |
| 490 | 1 |aProposed registration decision |x1925-0886|vPRDD2005-02 |
| 520 | 3 |aThis Proposed Regulatory Decision Document provides a summary of data reviewed and the rationale for the proposed full registration of these products. |
| 590 | |a05-37|b2005-09-16 |
| 775 | 08|tImiprothrine |w(CaOODSP)9.592331 |
| 776 | 0#|tImiprothrin |w(CaOODSP)9.617479 |
| 830 | #0|aProposed registration decision,|x1925-0886|vPRDD2005-02|w(CaOODSP)9.504464 |
| 856 | 40|ahttp://publications.gc.ca|qPDF|s130 KB|uhttps://publications.gc.ca/collections/Collection/H113-9-2005-2E.pdf|yPRDD2005-02 |